00253nam a2200097Ia 4500008004100000100002500041245002700066260003600093300000800129650001800137191201s2008 xx 000 0 und d aTANTTYA, Bal Krishan 0aBhagvadbhav Parkashini aN. DelhibIntech Printersc2008 a143 aGeneral Books